Statistics for U.S. States With The Most Different Butterfly Species

Click here to take the quiz!

General Stats

  • This quiz has been taken 35 times
  • The average score is 8 of 10

Answer Stats

#State% Correct
250California
97%
430Texas
94%
318New Mexico
91%
326Arizona
88%
266Colorado
85%
215Utah
79%
187Montana
76%
210Wyoming
73%
207Nevada
70%
197Nebraska
55%

Score Distribution

Percentile by Number Answered

Percent of People with Each Score

Your Score History

You have not taken this quiz